Обзор алгоримтов семантической сегментации; Технологии Microsoft в теории и практике программирования

التفاصيل البيبلوغرافية
Parent link:Технологии Microsoft в теории и практике программирования.— 2016.— [С. 108-110]
المؤلف الرئيسي: Григорьев Д. С. Дмитрий Сергеевич
مؤلف مشترك: Национальный исследовательский Томский политехнический университет (ТПУ) Институт кибернетики (ИК) Кафедра вычислительной техники (ВТ)
مؤلفون آخرون: Спицын В. Г. Владимир Григорьевич (научный руководитель)
الملخص:Заглавие с титульного экрана
The survey describes different techniques for semantic segmentation.
اللغة:الروسية
منشور في: 2016
سلاسل:Интеллектуальные системы и технологии
الموضوعات:
الوصول للمادة أونلاين:http://earchive.tpu.ru/handle/11683/33236
التنسيق: الكتروني فصل الكتاب
KOHA link:https://koha.lib.tpu.ru/cgi-bin/koha/opac-detail.pl?biblionumber=620905

MARC

LEADER 00000naa2a2200000 4500
001 620905
005 20231101133132.0
035 |a (RuTPU)RU\TPU\conf\19438 
035 |a RU\TPU\conf\19437 
090 |a 620905 
100 |a 20161020d2016 k y0rusy50 ca 
101 0 |a rus 
102 |a RU 
105 |a y z 101zy 
135 |a drcn ---uucaa 
181 0 |a i  
182 0 |a b 
200 1 |a Обзор алгоримтов семантической сегментации  |f Д. С. Григорьев  |g науч. рук. В. Г. Спицын 
203 |a Текст  |c электронный 
225 1 |a Интеллектуальные системы и технологии 
230 |a 1 компьютерный файл (pdf; 770 Kb) 
300 |a Заглавие с титульного экрана 
320 |a [Библиогр.: с. 110 (5 назв.)] 
330 |a The survey describes different techniques for semantic segmentation. 
463 1 |0 (RuTPU)RU\TPU\conf\12653  |t Технологии Microsoft в теории и практике программирования  |o сборник трудов XIII Всероссийской научно-практической конференции студентов, аспирантов и молодых ученых, г.Томск, 22-23 марта 2016 г.  |f Национальный исследовательский Томский политехнический университет (ТПУ), Институт кибернетики ; ред. кол. А. В. Лиепиньш [и др.]  |v [С. 108-110]  |d 2016 
610 1 |a труды учёных ТПУ 
610 1 |a электронные ресурсы 
610 1 |a сегментация 
610 1 |a дескрипторы 
610 1 |a гистограммы 
610 1 |a нейронные сети 
610 1 |a изображения 
700 1 |a Григорьев  |b Д. С.  |c специалист в области информатики и вычислительной техники  |c ассистент Томского политехнического университета  |f 1991-  |g Дмитрий Сергеевич  |2 stltpush  |3 (RuTPU)RU\TPU\pers\46946 
702 1 |a Спицын  |b В. Г.  |c специалист в области информатики и вычислительной техники  |c профессор Томского политехнического университета, доктор технических наук  |f 1948-  |g Владимир Григорьевич  |2 stltpush  |4 727 
712 0 2 |a Национальный исследовательский Томский политехнический университет (ТПУ)  |b Институт кибернетики (ИК)  |b Кафедра вычислительной техники (ВТ)  |h 126  |2 stltpush  |3 (RuTPU)RU\TPU\col\18699 
801 2 |a RU  |b 63413507  |c 20210902  |g RCR 
856 4 |u http://earchive.tpu.ru/handle/11683/33236 
942 |c BK